000 00695cam a2200229M 4500
001 on1020867864
003 TZ-ArACH
005 20210323121611.0
008 180202s2018 xx 000 0 eng d
020 _a9462403821
020 _a9789462403826
035 _a(OCoLC)1020867864
040 _aYDX
_beng
_cTZ-ArACH
_dOCLCQ
049 _aTZAA
050 _aKJC5132
_b.A52 2017
245 0 0 _aApercu de la jurisprudence de la cour europeenne des droits de l'homme.
260 _aOisterwijk (Netherlands)
_bWolf Legal Publishers,
_c2018.
300 _a168 p.
_c24 cm.
504 _aList of cited cases.
650 _aCour européenne des droits de l'homme
_xJurisprudence
942 _2lcc
_cBOOK
999 _c6220
_d6220